00574nmm a2200169Ia 4500008004100000020001800041041000800059100003100067245009000098264006900188300001800257490002200275650003200297856005100329942000700380999001700387251105s9999||||xx |||||||||||||||||und|| a9788415770107 aspa aCebrián Zazurca, Enrique 0aSobre la democracia representativa. Un análisis de sus capacidades e insuficiencias a[Madrid, España] :bPrensas Universitarias de Zaragoza, c2013 a136 páginas aCiencias sociales aPolitical Science (General) uhttps://public.digitaliapublishing.com/a/42776 cCF c77040d77040